| 000 -LEADER | |
|---|---|
| fixed length control field | 00427nam a22001817a 4500 |
| 005 - DATE AND TIME OF LATEST TRANSACTION | |
| control field | 20250415133444.0 |
| 008 - FIXED-LENGTH DATA ELEMENTS--GENERAL INFORMATION | |
| fixed length control field | 240902b |||||||| |||| 00| 0 eng d |
| 020 ## - INTERNATIONAL STANDARD BOOK NUMBER | |
| ISBN | 978-93-90595-25-9 |
| 041 ## - LANGUAGE CODE | |
| Language code of text/sound track or separate title | eng |
| 082 ## - DEWEY DECIMAL CLASSIFICATION NUMBER | |
| Classification number | 616.07 MOH |
| 100 ## - MAIN ENTRY--AUTHOR NAME | |
| Personal name | MOHAN, HARSH |
| 245 ## - TITLE STATEMENT | |
| Title | PRACTICAL PATHOLOGY |
| 250 ## - EDITION STATEMENT | |
| Edition statement | 5TH ED. 2023 |
| 260 ## - PUBLICATION, DISTRIBUTION, ETC. (IMPRINT) | |
| Place of publication | NEW DELHI |
| Name of publisher | JAYPEE BROTHERS |
| 300 ## - PHYSICAL DESCRIPTION | |
| Number of Pages | 283;P |
| 650 ## - SUBJECT ADDED ENTRY--TOPICAL TERM | |
| Topical Term | BMLT |
| 942 ## - ADDED ENTRY ELEMENTS (KOHA) | |
| Koha item type | Books |
| Lost status | Damaged status | Collection code | Home library | Current library | Shelving location | Date acquired | Source of acquisition | Cost, normal purchase price | Serial Enumeration / chronology | Full call number | Accession Number | Koha item type |
|---|---|---|---|---|---|---|---|---|---|---|---|---|
| Bachelor of Medical Laboratory Technology | JRU Library | JRU Library | SHELF-72-A | 30/08/2024 | PURCHASE | 595.00 | NEW ARRIVALS SHELF | 616.07 | 28405 | Books | ||
| Bachelor of Medical Laboratory Technology | JRU Library | JRU Library | SHELF-104-E | 30/08/2024 | PURCHASE | 595.00 | 616.07 | 28406 | Books | |||
| Bachelor of Medical Laboratory Technology | JRU Library | JRU Library | SHELF-104-E | 10/04/2025 | PURCHASE | 995.00 | 616.07 MOH | 28691 | Books | |||
| Bachelor of Medical Laboratory Technology | JRU Library | JRU Library | SHELF-104-E | 10/04/2025 | PURCHASE | 995.00 | 616.07 MOH | 28692 | Books | |||
| Bachelor of Medical Laboratory Technology | JRU Library | JRU Library | SHELF-104-E | 10/04/2025 | PURCHASE | 995.00 | 616.07 MOH | 28693 | Books |